Statistieken voor Gemeenten van Belgisch-Limburg

Klik hier om de quiz te nemen!

Algemene statistieken

  • Deze quiz is 587 keer genomen
  • De gemiddelde score is 37 van 44

Antwoordstatistieken

Antwoord% Correct
Hasselt
99%
Genk
97%
Maaseik
94%
Sint-Truiden
93%
Lommel
92%
Tongeren
92%
Maasmechelen
92%
Peer
90%
Overpelt
89%
Neerpelt
89%
Beringen
89%
Houthalen-Helchteren
89%
Bree
89%
Ham
89%
Heusden-Zolder
87%
As
87%
Bilzen
87%
Hamont-Achel
85%
Lanaken
85%
Zonhoven
85%
Leopoldsburg
85%
Voeren
84%
Alken
84%
Zutendaal
84%
Riemst
83%
Bocholt
83%
Lummen
83%
Hechtel-eksel
83%
Herk-de-Stad
82%
Heers
82%
Diepenbeek
82%
Tessenderlo
82%
Dilsen-Stokkem
81%
Kinrooi
80%
Meeuwen-Gruitrode
80%
Borgloon
79%
Halen
79%
Opglabbeek
79%
Hoeselt
77%
Gingelom
75%
Herstappe
75%
Wellen
74%
Nieuwerkerken
73%
Kortessem
73%

Scoreverdeling

Percentiel versus Aantal Correcte Antwoorden

Procent van Mensen met Elke Score

Uw Scoregeschiedenis

U heeft deze quiz nog niet genomen